[Event "World Junior Chess Championship U18 b"]
[Site "Gaziantep"]
[Date "2008.08.11"]
[Round "9.30"]
[White "Ronchetti, Niccolo"]
[Black "Constantinou, Peter"]
[Result "1-0"]
[WhiteElo "2434"]
[BlackElo "2225"]
[PlyCount "77"]
[EventDate "2008.08.??"]
[EventType "swiss"]
[EventRounds "13"]
[EventCountry "TUR"]

1. e4 g6 2. d4 Bg7 3. Nc3 c6 4. f4 d5 5. e5 h5 6. Nf3 Nh6 7. Bd3 Bf5 8. O-O e6
9. b3 Bxd3 10. Qxd3 Nd7 11. a4 a6 12. Ne2 Bf8 13. c4 Nf5 14. g3 Be7 15. h3 Kf8
16. Bd2 Kg7 17. Kg2 Rb8 18. Rh1 dxc4 19. bxc4 b5 20. axb5 axb5 21. cxb5 Rxb5
22. g4 hxg4 23. hxg4 Nh6 24. f5 Nxg4 25. f6+ Ngxf6 26. exf6+ Nxf6 27. Rxh8 Qxh8
28. Ra7 Nd5 29. Ne5 Qc8 30. Qf3 f6 31. Nxg6 Kxg6 32. Qg4+ Kh7 33. Qh5+ Kg7 34.
Bh6+ Kh8 35. Bg5+ Kg7 36. Qh6+ Kg8 37. Qg6+ Kh8 38. Rxe7 Nf4+ 39. Bxf4 1-0

[Event "World Junior Chess Championship U18 b"]
[Site "Gaziantep"]
[Date "2008.08.11"]
[Round "9.31"]
[White "Vocaturo, Daniele"]
[Black "Neimer, Vitaly"]
[Result "1/2-1/2"]
[WhiteElo "2417"]
[BlackElo "2316"]
[PlyCount "73"]
[EventDate "2008.08.??"]
[EventType "swiss"]
[EventRounds "13"]
[EventCountry "TUR"]

1. e4 c5 2. Nf3 e6 3. d4 cxd4 4. Nxd4 a6 5. Bd3 Bc5 6. Nb3 Be7 7. Qg4 g6 8. Qe2
d6 9. O-O Qc7 10. a4 b6 11. Na3 Bb7 12. Nc4 Nd7 13. a5 b5 14. Nb6 Nxb6 15. axb6
Qxb6 16. Na5 Bc8 17. c4 b4 18. e5 Bd7 19. Be3 Qc7 20. Bd4 f6 21. Bxg6+ hxg6 22.
Qe4 Kf7 23. Qxa8 dxe5 24. Be3 e4 25. g3 Qe5 26. Rad1 Be8 27. h4 g5 28. Rd4 gxh4
29. Rxe4 Qxb2 30. Re1 hxg3 31. Rxe6 Rh5 32. Nb7 Bd7 33. Nd6+ Bxd6 34. Rxd6
gxf2+ 35. Bxf2 Rg5+ 36. Kf1 Rh5 37. Kg1 1/2-1/2

[Event "World Junior Chess Championship U18 b"]
[Site "Gaziantep"]
[Date "2008.08.11"]
[Round "9.32"]
[White "Durarbeyli, Vasif"]
[Black "Niemi, Mikko"]
[Result "1-0"]
[WhiteElo "2413"]
[BlackElo "2214"]
[PlyCount "63"]
[EventDate "2008.08.??"]
[EventType "swiss"]
[EventRounds "13"]
[EventCountry "TUR"]

1. e4 d6 2. d4 Nf6 3. Nc3 g6 4. Be3 c6 5. Qd2 b5 6. Bd3 Nbd7 7. Nf3 e5 8. a4 b4
9. Ne2 exd4 10. Nexd4 c5 11. Ne2 Bb7 12. Ng3 Qc7 13. Bc4 Be7 14. O-O O-O 15.
Bh6 Rfe8 16. Rfe1 Ng4 17. h3 Nxh6 18. Qxh6 Nf8 19. Ng5 Bxg5 20. Qxg5 Rad8 21.
Nf5 Ne6 22. Qh4 d5 23. exd5 Bxd5 24. Bxd5 Rxd5 25. Ne3 Rd4 26. Ng4 Red8 27. c3
bxc3 28. bxc3 Rf4 29. g3 Rf3 30. Nf6+ Kg7 31. Rxe6 h6 32. Ne8+ 1-0

[Event "World Junior Chess Championship U18 b"]
[Site "Gaziantep"]
[Date "2008.08.11"]
[Round "9.33"]
[White "Narmontas, Matas"]
[Black "Haridas, Pascua"]
[Result "1-0"]
[WhiteElo "2369"]
[BlackElo "2174"]
[PlyCount "57"]
[EventDate "2008.08.??"]
[EventType "swiss"]
[EventRounds "13"]
[EventCountry "TUR"]

1. e4 c5 2. Nf3 Nc6 3. d4 cxd4 4. Nxd4 Nf6 5. Nc3 e5 6. Ndb5 d6 7. Nd5 Nxd5 8.
exd5 Nb8 9. c4 a6 10. Nc3 Be7 11. Be2 O-O 12. O-O Bg5 13. a4 Bxc1 14. Qxc1 a5
15. f4 exf4 16. Qxf4 Qb6+ 17. Kh1 Nd7 18. Ne4 Ne5 19. b4 axb4 20. c5 Qa5 21.
Nxd6 Nd7 22. Bd3 Qxc5 23. Qh4 g6 24. Nxf7 Rxf7 25. Rxf7 Kxf7 26. Qxh7+ Ke8 27.
Qxg6+ Kd8 28. d6 Qd5 29. Re1 1-0

[Event "World Junior Chess Championship U18 b"]
[Site "Gaziantep"]
[Date "2008.08.11"]
[Round "9.34"]
[White "Georgescu, Tiberiu"]
[Black "McPhillips, Karl"]
[Result "1-0"]
[WhiteElo "2442"]
[BlackElo "2221"]
[PlyCount "65"]
[EventDate "2008.08.??"]
[EventType "swiss"]
[EventRounds "13"]
[EventCountry "TUR"]

1. d4 Nf6 2. c4 e6 3. Nf3 b6 4. g3 Ba6 5. b3 Bb4+ 6. Bd2 Be7 7. Bg2 d5 8. Bc3
Ne4 9. O-O c6 10. Bb2 O-O 11. Nbd2 Nxd2 12. Nxd2 Nd7 13. e4 Rc8 14. Re1 dxc4
15. bxc4 Bb4 16. Rc1 e5 17. a3 Ba5 18. Re2 exd4 19. Bxd4 Qe7 20. Nb3 Rfd8 21.
Nxa5 bxa5 22. Rd2 Nb6 23. Qg4 g6 24. Qf4 Nxc4 25. Bf6 Qxf6 26. Qxf6 Nxd2 27. h4
Be2 28. Rxc6 Rb8 29. e5 Bc4 30. h5 gxh5 31. Rd6 Rxd6 32. exd6 Rb1+ 33. Kh2 1-0

[Event "World Junior Chess Championship U18 b"]
[Site "Gaziantep"]
[Date "2008.08.11"]
[Round "9.35"]
[White "Kore, Akshayraj"]
[Black "Vavric, Pavel"]
[Result "1-0"]
[WhiteElo "2392"]
[BlackElo "2218"]
[PlyCount "55"]
[EventDate "2008.08.??"]
[EventType "swiss"]
[EventRounds "13"]
[EventCountry "TUR"]

1. e4 c6 2. d4 d5 3. Nc3 dxe4 4. Nxe4 Nd7 5. Nf3 Ngf6 6. Nxf6+ Nxf6 7. Bd3 g6
8. O-O Bg7 9. c3 O-O 10. Re1 b6 11. Qe2 Re8 12. Ne5 Bb7 13. Nxf7 Kxf7 14. Qe6+
Kf8 15. Bc4 Nd5 16. Re4 Qd6 17. Rf4+ Qxf4 18. Bxf4 Rad8 19. Bc7 Rc8 20. Bxd5
cxd5 21. Qd7 Ba6 22. Re1 Bd3 23. Be5 Bxe5 24. Rxe5 Bc4 25. a3 a5 26. h4 Rcd8
27. Qc7 Rd6 28. Rxe7 1-0

[Event "World Junior Chess Championship U18 b"]
[Site "Gaziantep"]
[Date "2008.08.11"]
[Round "9.36"]
[White "Benidze, Davit"]
[Black "Oliver, Gareth"]
[Result "1-0"]
[WhiteElo "2389"]
[BlackElo "2196"]
[PlyCount "69"]
[EventDate "2008.08.??"]
[EventType "swiss"]
[EventRounds "13"]
[EventCountry "TUR"]

1. d4 Nf6 2. c4 g6 3. Nc3 Bg7 4. e4 d6 5. f3 O-O 6. Be3 c5 7. dxc5 dxc5 8. Qxd8
Rxd8 9. Bxc5 Nc6 10. Ba3 Nd7 11. Nge2 Nde5 12. Nf4 Nd4 13. O-O-O Bh6 14. Ncd5
e6 15. Rxd4 Bxf4+ 16. Nxf4 Rxd4 17. b3 Rd8 18. h4 h5 19. Bb2 Nd7 20. g4 hxg4
21. fxg4 Nf8 22. h5 Re8 23. hxg6 fxg6 24. Rh8+ Kf7 25. Nd3 Bd7 26. Ne5+ Ke7 27.
g5 Kd6 28. Nf7+ Kc6 29. e5 Kc7 30. Ba3 Bc6 31. Bd6+ Kb6 32. c5+ Ka5 33. Rh4 b5
34. Bc7+ Ka6 35. Nd6 1-0

[Event "World Junior Chess Championship U18 b"]
[Site "Gaziantep"]
[Date "2008.08.11"]
[Round "9.37"]
[White "Hughes, Tyler B"]
[Black "Enchev, Ivajlo"]
[Result "1/2-1/2"]
[WhiteElo "2161"]
[BlackElo "2367"]
[PlyCount "157"]
[EventDate "2008.08.??"]
[EventType "swiss"]
[EventRounds "13"]
[EventCountry "TUR"]

1. d4 d5 2. c4 c6 3. Nf3 Nf6 4. e3 e6 5. Nbd2 Nbd7 6. b3 Bd6 7. Bb2 b6 8. Bd3
Bb7 9. O-O O-O 10. Ne5 Rc8 11. Qf3 Qc7 12. Qg3 c5 13. f4 cxd4 14. Bxd4 Be7 15.
Rac1 Nxe5 16. Bxe5 Qd8 17. Rfd1 Bd6 18. Nf3 Bxe5 19. fxe5 Nh5 20. Qg4 g6 21.
Ng5 Ng7 22. Rf1 dxc4 23. Bxc4 Rc5 24. Qh4 h5 25. Rcd1 Qc7 26. Bxe6 Nxe6 27.
Nxe6 Qc6 28. Nf4 Rxe5 29. Rd8 Rxd8 30. Qxd8+ Kh7 31. Qd2 Qe4 32. Nh3 Kg8 33.
Rc1 Rd5 34. Qf2 Rd3 35. Re1 Rc3 36. Ng5 Qe7 37. Nf3 Be4 38. Nd4 Qg5 39. Nf3 Qe7
40. Nd4 Rc5 41. Rf1 Rg5 42. Nf3 Rf5 43. Qe2 Bb7 44. Qe1 Qe4 45. Rf2 Rd5 46. Rd2
a5 47. Rxd5 Bxd5 48. Qd2 a4 49. bxa4 Qb1+ 50. Kf2 Qxa2 51. Qxa2 Bxa2 52. Ne5
Be6 53. Ke2 Bb3 54. Nd7 Bxa4 55. Nxb6 Bc6 56. g3 Kg7 57. Kf2 Kf6 58. Nc4 Bd5
59. Nd2 Kf5 60. h3 Bb7 61. Kg1 Ke5 62. Kf2 Bc8 63. Kg2 Kd5 64. Kh2 Kc5 65. Kg2
Kb4 66. h4 Bb7+ 67. Kf2 Kc3 68. Nf1 Bc8 69. Nh2 Bg4 70. Nf1 Kd3 71. Nh2 Be2 72.
Nf3 Bxf3 73. Kxf3 Kc4 74. g4 hxg4+ 75. Kxg4 Kd3 76. h5 f5+ 77. Kf4 gxh5 78.
Kxf5 Kxe3 79. Kg5 1/2-1/2

[Event "World Junior Chess Championship U18 b"]
[Site "Gaziantep"]
[Date "2008.08.11"]
[Round "9.38"]
[White "Anton, Teodor"]
[Black "Apaydin, Fethi"]
[Result "1-0"]
[WhiteElo "2353"]
[BlackElo "2187"]
[PlyCount "61"]
[EventDate "2008.08.??"]
[EventType "swiss"]
[EventRounds "13"]
[EventCountry "TUR"]

1. d4 Nf6 2. c4 g6 3. Nf3 Bg7 4. g3 O-O 5. Bg2 d6 6. O-O Nbd7 7. Nc3 e5 8. e4
exd4 9. Nxd4 Re8 10. h3 Nc5 11. Re1 a5 12. b3 c6 13. Bb2 Qb6 14. Qc2 a4 15.
Rad1 Nfd7 16. Nce2 axb3 17. axb3 Na6 18. Qb1 Nb4 19. Nc1 d5 20. cxd5 cxd5 21.
Re2 Nf6 22. exd5 Rxe2 23. Ndxe2 Bf5 24. Bd4 Qa6 25. Qb2 Rc8 26. Bc3 Nd3 27.
Nxd3 Bxd3 28. Nf4 Bf5 29. d6 Qb6 30. Bxf6 Rc2 31. Qd4 1-0

[Event "World Junior Chess Championship U18 b"]
[Site "Gaziantep"]
[Date "2008.08.11"]
[Round "9.39"]
[White "Kjartansson, Gudmundur"]
[Black "Alvarez Ramirez, Miguel Angel"]
[Result "1/2-1/2"]
[WhiteElo "2328"]
[BlackElo "2194"]
[PlyCount "77"]
[EventDate "2008.08.??"]
[EventType "swiss"]
[EventRounds "13"]
[EventCountry "TUR"]

1. d4 d5 2. c4 c6 3. Nc3 Nf6 4. Nf3 e6 5. Bg5 h6 6. Bxf6 Qxf6 7. e3 Nd7 8. Bd3
dxc4 9. Bxc4 g6 10. O-O Bg7 11. Ne4 Qe7 12. Rc1 b6 13. Bd3 Bb7 14. Qa4 a5 15.
Ned2 O-O 16. Be4 Rfc8 17. Bxc6 Nc5 18. dxc5 Bxc6 19. Qd1 bxc5 20. Nc4 Rd8 21.
Qe2 Be4 22. Rfd1 Rxd1+ 23. Rxd1 Rd8 24. Rxd8+ Qxd8 25. Qd2 Qd3 26. Qxd3 Bxd3
27. Nfd2 Kf8 28. f4 Ke7 29. Kf2 Kd7 30. Ne5+ Bxe5 31. fxe5 Kc6 32. e4 c4 33.
Ke3 Kc5 34. a3 a4 35. h4 Bc2 36. g3 Bd3 37. Nf3 Bb1 38. g4 Bc2 39. g5 1/2-1/2

[Event "World Junior Chess Championship U18 b"]
[Site "Gaziantep"]
[Date "2008.08.11"]
[Round "9.40"]
[White "Yashkin, Oleg"]
[Black "Sousa, Ricardo"]
[Result "1-0"]
[WhiteElo "2307"]
[BlackElo "2133"]
[PlyCount "111"]
[EventDate "2008.08.??"]
[EventType "swiss"]
[EventRounds "13"]
[EventCountry "TUR"]

1. d4 g6 2. Nf3 Nf6 3. Bg5 Bg7 4. Nbd2 d6 5. e4 O-O 6. c3 c6 7. Be2 Qc7 8. O-O
e5 9. dxe5 dxe5 10. Qc2 h6 11. Bh4 Bg4 12. Rfe1 Nbd7 13. b4 Rfe8 14. Nc4 Nh5
15. Ne3 Be6 16. Rad1 Nf4 17. Bc4 a5 18. bxa5 Rxa5 19. Qd2 Nf6 20. Qc2 Rea8 21.
Rd2 b5 22. Bb3 R5a7 23. Bg3 Nd7 24. h4 Nc5 25. Bxe6 Ncxe6 26. Rb1 Ra4 27. Rb4
Ra3 28. Kh2 Qa5 29. Ng4 f6 30. Bxf4 Nxf4 31. g3 h5 32. Ne3 Ne6 33. Qd3 Rd8 34.
Qc2 Bf8 35. Rxd8 Nxd8 36. Rb3 Rxa2 37. Rb2 Rxb2 38. Qxb2 Qa3 39. Qd2 Qd6 40.
Qa2+ Kh8 41. g4 hxg4 42. Nxg4 Bg7 43. Qa8 Kh7 44. Ne3 Ne6 45. Qe8 Nf4 46. h5
Nxh5 47. Nf5 Qd3 48. Ne7 Nf4 49. Qg8+ Kh6 50. Kg3 Ne2+ 51. Kg2 Qxe4 52. Qf7
Qg4+ 53. Kf1 Nf4 54. Ng8+ Kh5 55. Nxf6+ Bxf6 56. Qh7# 1-0

[Event "World Junior Chess Championship U18 b"]
[Site "Gaziantep"]
[Date "2008.08.11"]
[Round "9.41"]
[White "Mijovic, Stefan"]
[Black "Ilic, Slavisa"]
[Result "1/2-1/2"]
[WhiteElo "2289"]
[BlackElo "2081"]
[PlyCount "84"]
[EventDate "2008.08.??"]
[EventType "swiss"]
[EventRounds "13"]
[EventCountry "TUR"]

1. e4 d5 2. exd5 Qxd5 3. Nc3 Qa5 4. d4 Nf6 5. Nf3 c6 6. Bc4 Bf5 7. Qe2 e6 8.
Bd2 Nbd7 9. O-O-O Bb4 10. Nh4 Bg4 11. f3 Bxc3 12. fxg4 Bxd2+ 13. Rxd2 O-O-O 14.
h3 h5 15. gxh5 Nxh5 16. Re1 Qc7 17. Nf3 Ndf6 18. Ne5 Kb8 19. Qf3 c5 20. g4 cxd4
21. gxh5 Rxh5 22. Qe2 Rxh3 23. Nxf7 Re8 24. Qe5 Re3 25. Rxe3 dxe3 26. Re2 Ng4
27. Qxc7+ Kxc7 28. Rg2 Re7 29. Rxg4 Rxf7 30. Kd1 Kd6 31. Bb3 Ke5 32. Ke2 Kf5
33. Kxe3 Kxg4 34. Bxe6+ Rf5 35. Ke4 g6 36. c4 Kg5 37. Bxf5 gxf5+ 38. Kf3 a5 39.
b3 f4 40. a3 Kf5 41. b4 axb4 42. axb4 Ke5 1/2-1/2

[Event "World Junior Chess Championship U18 b"]
[Site "Gaziantep"]
[Date "2008.08.11"]
[Round "9.42"]
[White "Caspi, Israel"]
[Black "Ertan, Can"]
[Result "1-0"]
[WhiteElo "2412"]
[BlackElo "2149"]
[PlyCount "51"]
[EventDate "2008.08.??"]
[EventType "swiss"]
[EventRounds "13"]
[EventCountry "TUR"]

1. d4 Nf6 2. c4 e6 3. Nf3 b6 4. g3 Ba6 5. Qc2 c5 6. d5 exd5 7. cxd5 Be7 8. Bg2
O-O 9. Nc3 b5 10. a3 d6 11. b4 Nbd7 12. O-O Rc8 13. Rd1 Bb7 14. bxc5 Nxc5 15.
Nd4 a6 16. Nc6 Qd7 17. Bb2 Rfe8 18. Nxe7+ Qxe7 19. Qf5 Rc7 20. Rab1 Bc8 21. Qf4
Bg4 22. Ba1 Rec8 23. Nxb5 Bxe2 24. Nxd6 Bxd1 25. Rxd1 Rd8 26. Nf5 1-0

[Event "World Junior Chess Championship U18 b"]
[Site "Gaziantep"]
[Date "2008.08.11"]
[Round "9.43"]
[White "Kulakov, Viacheslav"]
[Black "Nukin, Askhat"]
[Result "1-0"]
[WhiteElo "2360"]
[BlackElo "2244"]
[PlyCount "59"]
[EventDate "2008.08.??"]
[EventType "swiss"]
[EventRounds "13"]
[EventCountry "TUR"]

1. d4 d5 2. Nf3 Nf6 3. c4 c6 4. cxd5 cxd5 5. Nc3 Nc6 6. Bf4 Bf5 7. e3 e6 8. Ne5
Nxe5 9. Bxe5 Nd7 10. Bg3 Be7 11. Qb3 Qb6 12. Bb5 Rd8 13. O-O O-O 14. Na4 Qa5
15. Rfc1 Nb6 16. Bc7 Rc8 17. Nxb6 axb6 18. Bd7 Ra8 19. Bxb6 Qa6 20. Rc3 Bd6 21.
a4 Qe2 22. f3 Qa6 23. a5 Rab8 24. Bb5 Qa8 25. a6 Rbc8 26. a7 h5 27. Bd7 Rxc3
28. Qxc3 Be7 29. Rc1 Bd8 30. Bc5 1-0

[Event "World Junior Chess Championship U18 b"]
[Site "Gaziantep"]
[Date "2008.08.11"]
[Round "9.44"]
[White "Plenca, Julijan"]
[Black "Kobayashi, Atsuhiko"]
[Result "1-0"]
[WhiteElo "2295"]
[BlackElo "1936"]
[PlyCount "49"]
[EventDate "2008.08.??"]
[EventType "swiss"]
[EventRounds "13"]
[EventCountry "TUR"]

1. e4 e5 2. Nf3 Nc6 3. Bb5 a6 4. Ba4 Nf6 5. O-O b5 6. Bb3 Bc5 7. a4 Rb8 8. axb5
axb5 9. Nxe5 Nxe5 10. d4 Bxd4 11. Qxd4 d6 12. f4 Nc6 13. Qc3 Bb7 14. e5 Ne4 15.
Qe3 d5 16. Nc3 Nxc3 17. bxc3 O-O 18. Ba3 Re8 19. Rad1 Ne7 20. f5 c6 21. e6 Bc8
22. f6 gxf6 23. Qg3+ Ng6 24. exf7+ Kxf7 25. Qxb8 1-0

[Event "World Junior Chess Championship U18 b"]
[Site "Gaziantep"]
[Date "2008.08.11"]
[Round "9.46"]
[White "Zubaidullin, Rustam"]
[Black "Serenac, Ivan"]
[Result "0-1"]
[WhiteElo "1929"]
[BlackElo "2289"]
[PlyCount "88"]
[EventDate "2008.08.??"]
[EventType "swiss"]
[EventRounds "13"]
[EventCountry "TUR"]

1. c4 e5 2. Nc3 Nc6 3. g3 f5 4. Bg2 Nf6 5. e3 g6 6. Nge2 Bg7 7. d4 e4 8. a3 a5
9. Nf4 d6 10. b3 O-O 11. h4 Ne7 12. Bb2 c6 13. Qc2 d5 14. c5 h6 15. Na4 Kf7 16.
Nb6 Ra7 17. Bc3 Nd7 18. Na4 Ng8 19. h5 g5 20. Ng6 Re8 21. Bh3 Nf8 22. Nxf8 Kxf8
23. Nb6 Be6 24. Qd2 Nf6 25. Bxa5 Qe7 26. b4 Qf7 27. b5 Nxh5 28. bxc6 bxc6 29.
Bb4 Nf6 30. O-O-O h5 31. Qe2 h4 32. gxh4 g4 33. Bg2 Nh5 34. Kb2 f4 35. Qd2 f3
36. Bf1 Bf6 37. Qe1 Qe7 38. Rd2 Bxh4 39. Rg1 Kf7 40. a4 Rg8 41. a5 g3 42. fxg3
Bxg3 43. Qd1 Qh4 44. Rc2 Rf8 0-1

[Event "World Junior Chess Championship U18 b"]
[Site "Gaziantep"]
[Date "2008.08.11"]
[Round "9.48"]
[White "Aydogdu, Ataman"]
[Black "Gurcan, Eray"]
[Result "1-0"]
[WhiteElo "2050"]
[BlackElo "1955"]
[PlyCount "49"]
[EventDate "2008.08.??"]
[EventType "swiss"]
[EventRounds "13"]
[EventCountry "TUR"]

1. d4 Nf6 2. c4 g6 3. Nc3 Bg7 4. g3 d6 5. Bg2 O-O 6. Nf3 Nbd7 7. O-O e5 8. h3
c6 9. e4 Qb6 10. dxe5 Nxe5 11. Nxe5 dxe5 12. Qc2 Nh5 13. Be3 Qc7 14. Bc5 Rd8
15. a4 a5 16. Qb3 Ra6 17. Rfd1 Bf8 18. Rxd8 Qxd8 19. Rd1 Qc7 20. Qa3 Bxc5 21.
Qxc5 Be6 22. Nb5 Qb8 23. Nd6 f6 24. Nxb7 Qxb7 25. Rd8+ 1-0

[Event "World Junior Chess Championship U18 b"]
[Site "Gaziantep"]
[Date "2008.08.11"]
[Round "9.49"]
[White "Grover, Sahaj"]
[Black "Ramsurrup, Pratish"]
[Result "1-0"]
[WhiteElo "2306"]
[BlackElo "1809"]
[PlyCount "77"]
[EventDate "2008.08.??"]
[EventType "swiss"]
[EventRounds "13"]
[EventCountry "TUR"]

1. e4 c5 2. Nf3 d6 3. d4 cxd4 4. Nxd4 Nf6 5. Nc3 a6 6. Bc4 e6 7. Bb3 Nbd7 8.
Bg5 Nc5 9. f4 Be7 10. Qf3 Qc7 11. O-O O-O 12. Rae1 Nxb3 13. Nxb3 b5 14. e5 Bb7
15. exf6 Bxf3 16. fxe7 Qb6+ 17. Rf2 Rfe8 18. gxf3 Rac8 19. f5 b4 20. Ne4 exf5
21. Ng3 g6 22. Nh5 gxh5 23. Be3 Rxe7 24. Bxb6 Rxe1+ 25. Kg2 Kf8 26. Ba5 Rb1 27.
c3 bxc3 28. Bxc3 Rd1 29. Nd4 Rc5 30. Rd2 Rxd2+ 31. Bxd2 Kg7 32. Kg3 Kg6 33. Kf4
a5 34. h4 a4 35. b4 axb3 36. axb3 Kf6 37. Bb4 Rc1 38. Bxd6 Rh1 39. Be5+ 1-0

[Event "World Junior Chess Championship U18 b"]
[Site "Gaziantep"]
[Date "2008.08.11"]
[Round "9.50"]
[White "Vural, Ozge"]
[Black "Ozdover, Mustafa Berkay"]
[Result "1-0"]
[WhiteElo "1853"]
[BlackElo "1768"]
[PlyCount "69"]
[EventDate "2008.08.??"]
[EventType "swiss"]
[EventRounds "13"]
[EventCountry "TUR"]

1. e4 d6 2. d4 g6 3. Nc3 Bg7 4. Be3 Nd7 5. Bc4 e5 6. Nge2 Ne7 7. Qd2 c6 8. Bb3
a6 9. a4 O-O 10. Bh6 c5 11. dxc5 Nxc5 12. h4 Nxb3 13. cxb3 f5 14. h5 f4 15.
hxg6 Nxg6 16. Qd5+ Kh8 17. O-O-O Rf6 18. Bg5 Be6 19. Bxf6 Qxf6 20. Qxd6 Rc8 21.
Kb1 Qf7 22. Nd5 Bf8 23. Qb6 Bc5 24. Qa5 Bxf2 25. Rh2 Bg4 26. Qd2 Rd8 27. Rdh1
h5 28. Rxh5+ Bxh5 29. Rxh5+ Kg7 30. Rf5 Qd7 31. Nexf4 Nxf4 32. Qxf2 Ng6 33. Rf6
Qg4 34. Rf7+ Kh8 35. Qf6+ 1-0

[Event "World Junior Chess Championship U18 b"]
[Site "Gaziantep"]
[Date "2008.08.12"]
[Round "10.2"]
[White "So, Wesley"]
[Black "Howell, David"]
[Result "1-0"]
[WhiteElo "2577"]
[BlackElo "2561"]
[PlyCount "81"]
[EventDate "2008.08.??"]
[EventType "swiss"]
[EventRounds "13"]
[EventCountry "TUR"]

1. e4 e5 2. Nf3 Nc6 3. Bb5 a6 4. Ba4 Nf6 5. O-O Be7 6. Re1 b5 7. Bb3 O-O 8. c3
d6 9. d4 Bg4 10. Be3 exd4 11. cxd4 d5 12. e5 Ne4 13. Nc3 Nxc3 14. bxc3 Na5 15.
Bc2 Qd7 16. Qd3 g6 17. Bh6 Rfe8 18. Ng5 Nc4 19. h3 Be6 20. Qg3 Ba3 21. Qh4 Be7
22. Qf4 a5 23. h4 Ra6 24. Re2 Bf8 25. Bxf8 Rxf8 26. h5 Qe7 27. g3 Bc8 28. Nf3
f6 29. hxg6 hxg6 30. Qh4 Qg7 31. exf6 Raxf6 32. Ng5 Nd6 33. Rae1 Qh8 34. Qxh8+
Kxh8 35. f4 Kg8 36. Rh2 Re8 37. Re5 c6 38. Rh6 Kg7 39. Rh7+ Kg8 40. Rc7 b4 41.
Rxe8+ 1-0

[Event "World Junior Chess Championship U18 b"]
[Site "Gaziantep"]
[Date "2008.08.12"]
[Round "10.3"]
[White "Safarli, Eltaj"]
[Black "Li, Chao B"]
[Result "1/2-1/2"]
[WhiteElo "2527"]
[BlackElo "2590"]
[PlyCount "79"]
[EventDate "2008.08.??"]
[EventType "swiss"]
[EventRounds "13"]
[EventCountry "TUR"]

1. e4 c5 2. Nf3 d6 3. d4 cxd4 4. Nxd4 Nf6 5. Nc3 Nc6 6. Bg5 e6 7. Qd2 a6 8.
O-O-O Bd7 9. f4 b5 10. Bxf6 gxf6 11. Kb1 b4 12. Nce2 Qb6 13. Qd3 h5 14. Nxc6
Bxc6 15. Nd4 Bb7 16. Be2 Be7 17. Rhe1 h4 18. Bg4 O-O-O 19. Nb3 Kb8 20. f5 d5
21. exd5 Rxd5 22. Qe2 Rhd8 23. Rxd5 Rxd5 24. fxe6 Re5 25. Qd1 fxe6 26. Rxe5
fxe5 27. g3 hxg3 28. hxg3 Bd5 29. Be2 a5 30. Nc1 e4 31. Qf1 Ka7 32. Bc4 Bb7 33.
Ne2 a4 34. Qf7 Qd8 35. Qf2+ Ka8 36. Qd4 Qc8 37. b3 a3 38. c3 Qf8 39. Nf4 Qh6
40. Nxe6 1/2-1/2

[Event "World Junior Chess Championship U18 b"]
[Site "Gaziantep"]
[Date "2008.08.12"]
[Round "10.4"]
[White "Brkic, Ante"]
[Black "Andreikin, Dmitry"]
[Result "1-0"]
[WhiteElo "2530"]
[BlackElo "2604"]
[PlyCount "85"]
[EventDate "2008.08.??"]
[EventType "swiss"]
[EventRounds "13"]
[EventCountry "TUR"]

1. e4 e6 2. d4 d5 3. Nc3 Bb4 4. e5 b6 5. a3 Bf8 6. Nf3 Ne7 7. Bd3 Ba6 8. O-O
Bxd3 9. cxd3 Nf5 10. Ne2 Qd7 11. Bf4 Nc6 12. Rc1 O-O-O 13. Rc3 Kb7 14. Qc2 Rc8
15. Rc1 Nb8 16. b4 h6 17. g4 Ne7 18. b5 Qxb5 19. Rxc7+ Rxc7 20. Qxc7+ Ka8 21.
Nc3 Qc6 22. Qd6 Ng6 23. Qxc6+ Nxc6 24. Nb5 Kb7 25. Bg3 a6 26. Nd6+ Bxd6 27.
exd6 Rc8 28. Kg2 Nb8 29. Re1 Nd7 30. h4 Ngf8 31. h5 Nh7 32. Be5 Ndf6 33. Kg3
Rc3 34. Kh4 Kc8 35. g5 hxg5+ 36. Nxg5 Nxg5 37. Kxg5 Nh7+ 38. Kh4 f6 39. Bf4 Kd8
40. Rg1 Rxd3 41. Rxg7 Rxd4 42. Kg3 e5 43. Bh6 1-0

[Event "World Junior Chess Championship U18 b"]
[Site "Gaziantep"]
[Date "2008.08.12"]
[Round "10.5"]
[White "Negi, Parimerjan"]
[Black "Zhigalko, Sergei"]
[Result "1-0"]
[WhiteElo "2529"]
[BlackElo "2583"]
[PlyCount "53"]
[EventDate "2008.08.??"]
[EventType "swiss"]
[EventRounds "13"]
[EventCountry "TUR"]

1. e4 c5 2. Nf3 Nc6 3. Nc3 Nf6 4. Bb5 Qc7 5. Qe2 Nd4 6. Nxd4 cxd4 7. e5 dxc3 8.
exf6 gxf6 9. dxc3 e6 10. Be3 a6 11. Bd3 Bc5 12. O-O-O Qe5 13. Bxc5 Qxc5 14. Be4
Ra7 15. h4 b5 16. Rhe1 Ke7 17. Qf3 h6 18. Rd4 d6 19. Qg3 Rf8 20. Qg7 h5 21. Bd3
b4 22. Rf4 bxc3 23. Qxf6+ Ke8 24. Rc4 cxb2+ 25. Kb1 Qa5 26. Rxc8+ Kd7 27. Qc3
1-0

[Event "World Junior Chess Championship U18 b"]
[Site "Gaziantep"]
[Date "2008.08.12"]
[Round "10.6"]
[White "Wen, Yang"]
[Black "Nguyen, Ngoc Truong Son"]
[Result "0-1"]
[WhiteElo "2487"]
[BlackElo "2579"]
[PlyCount "58"]
[EventDate "2008.08.??"]
[EventType "swiss"]
[EventRounds "13"]
[EventCountry "TUR"]

1. e4 e6 2. d4 d5 3. exd5 exd5 4. Bd3 Nf6 5. Nf3 Be7 6. O-O O-O 7. Re1 Bg4 8.
Nbd2 Nbd7 9. h3 Bh5 10. Nf1 Re8 11. c3 Bd6 12. Ne3 Nf8 13. Bd2 Ng6 14. Bf1 Nf4
15. g3 Ne4 16. Ng4 f5 17. Ngh2 Ne6 18. Qb3 Rb8 19. Rad1 b5 20. a4 bxa4 21. Qa2
c6 22. Bg2 Qc7 23. Re2 Rb5 24. Be1 Reb8 25. c4 Rb3 26. h4 Nf4 27. Rc2 Nxg2 28.
Kxg2 a3 29. c5 Bxg3 0-1

[Event "World Junior Chess Championship U18 b"]
[Site "Gaziantep"]
[Date "2008.08.12"]
[Round "10.7"]
[White "Hou, Yifan"]
[Black "Melkumyan, Hrant"]
[Result "1/2-1/2"]
[WhiteElo "2557"]
[BlackElo "2507"]
[PlyCount "125"]
[EventDate "2008.08.??"]
[EventType "swiss"]
[EventRounds "13"]
[EventCountry "TUR"]

1. e4 e5 2. Nf3 Nc6 3. Bb5 Nf6 4. O-O Nxe4 5. d4 Nd6 6. Bxc6 dxc6 7. dxe5 Nf5
8. Qxd8+ Kxd8 9. Nc3 Ke8 10. h3 Be7 11. Rd1 h5 12. Bg5 h4 13. Rd2 Be6 14. Rad1
f6 15. exf6 gxf6 16. Re1 Kf7 17. Rde2 fxg5 18. Rxe6 Bf6 19. R6e2 Rae8 20. Ne4
Kg6 21. b3 Nd6 22. Nc5 Rxe2 23. Rxe2 Kf5 24. Kf1 Rh7 25. a4 b6 26. Nd3 c5 27.
Nde5 Re7 28. Ng4 Rxe2 29. Kxe2 Be7 30. c4 Ke6 31. Kd3 Nf7 32. Ne3 Bd6 33. Nf1
Kf5 34. Ke2 Nd8 35. Ne3+ Kf4 36. Nd5+ Kf5 37. Ne3+ Kf4 38. Nf1 Ne6 39. g3+ hxg3
40. fxg3+ Ke4 41. N1d2+ Kf5 42. Kf2 a6 43. g4+ Kf4 44. Ne1 Ke5 45. Ke3 Kf6 46.
Ne4+ Kg6 47. Nf3 Bf4+ 48. Kd3 Kf7 49. Nc3 c6 50. Ke4 Kf6 51. Nd1 Bc7 52. Nf2
Nf4 53. h4 gxh4 54. Nxh4 Ne2 55. Nf3 Nc1 56. Nd2 b5 57. axb5 axb5 58. Ke3 Ba5
59. Nfe4+ Kg6 60. cxb5 cxb5 61. Nxc5 Bxd2+ 62. Kxd2 Nxb3+ 63. Nxb3 1/2-1/2